Jets Quarterbacks since 2000 - Statistics

General Stats
  • This quiz has been taken 33 times
  • The average score is 8 of 12
Answer Stats
Hint Answer % Correct
2024 Aaron Rodgers
96%
2025 Justin Fields
96%
2018-2020 Sam Darnold
93%
2021-2023 Zach Wilson
89%
2009-2012 Mark Sanchez
79%
2013-2014 Geno Smith
68%
2015-2016 Ryan Fitzpatrick
68%
2008 Brett Favre
50%
2002-2004, 2006-2007 Chad Pennington
50%
2017 Josh McCown
39%
2000-2001 Vinny Testaverde
39%
2005 Brooks Bollinger
11%
No matching quizzes found
Score Distribution
Percent of People with Each Score
Percentile by Number Answered
Your Score History
You have not taken this quiz